If you sailed on : (Record no. 8190)

MARC details
000 -LEADER
fixed length control field 00973nam a22003017a 4500
001 - CONTROL NUMBER
control field 8190
003 - CONTROL NUMBER IDENTIFIER
control field FISKH
005 - DATE AND TIME OF LATEST TRANSACTION
control field 20250901144842.0
008 - FIXED-LENGTH DATA ELEMENTS--GENERAL INFORMATION
fixed length control field 250901b cb ||||| |||| 00| 0 eng d
020 ## - INTERNATIONAL STANDARD BOOK NUMBER
International Standard Book Number 9780590451611
040 ## - CATALOGING SOURCE
Original cataloging agency FISKH
Language of cataloging eng
Transcribing agency FISKH
Modifying agency FISKH
050 ## - LIBRARY OF CONGRESS CALL NUMBER
Classification number F68 .M12
082 ## - DEWEY DECIMAL CLASSIFICATION NUMBER
Classification number 973.22
100 ## - MAIN ENTRY--PERSONAL NAME
Personal name McGovern, Ann
Dates associated with a name (1930–2015)
245 ## - TITLE STATEMENT
Title If you sailed on :
Remainder of title The mayflower in 1620 /
Statement of responsibility, etc. By Ann McGovern ; Illustrated by Anna DiVito
250 ## - EDITION STATEMENT
Edition statement This edition first published in 1961
260 ## - PUBLICATION, DISTRIBUTION, ETC.
Place of publication, distribution, etc. New York :
Name of publisher, distributor, etc. Scholastic,
Date of publication, distribution, etc. 1991
300 ## - PHYSICAL DESCRIPTION
Extent 80 pages :
Other physical details color illustrations ;
Dimensions 19 x 23 cm
505 ## - FORMATTED CONTENTS NOTE
Formatted contents note P<br/>
520 ## - SUMMARY, ETC.
Summary, etc. Questions and answers describe the voyage of the Mayflower and the Pilgrim's first year in the New World.<br/>
521 8# - TARGET AUDIENCE NOTE
Target audience note 600<br/>
Source Lexile<br/>
521 8# - TARGET AUDIENCE NOTE
Target audience note P<br/>
Source Raz-Plus<br/>
650 ## - SUBJECT ADDED ENTRY--TOPICAL TERM
Source of heading or term Pilgrims
Topical term or geographic name entry element Plymouth
650 ## - SUBJECT ADDED ENTRY--TOPICAL TERM
Source of heading or term America
Topical term or geographic name entry element Thanksgiving
700 ## - ADDED ENTRY--PERSONAL NAME
Personal name Divito, Anna
Dates associated with a name illustrator
942 ## - ADDED ENTRY ELEMENTS (KOHA)
Source of classification or shelving scheme Dewey Decimal Classification
Koha item type Books
Suppress in OPAC No
Holdings
Withdrawn status Lost status Source of classification or shelving scheme Damaged status Not for loan Collection Home library Current library Shelving location Date acquired Total Checkouts Full call number Barcode Date last seen Copy number Price effective from Koha item type
    Dewey Decimal Classification     Juvenile Fiction Footprints International School Library Network Toul Tom Poung Campus Footprints International School Library Network Toul Tom Poung Campus TTP Primary Yellow Bookshelves 09/01/2025   MCG 973.22 F68 .M12 FISBK05520 09/01/2025 1 09/01/2025 Books
    Dewey Decimal Classification     Juvenile Fiction Footprints International School Library Network Toul Tom Poung Campus Footprints International School Library Network Toul Tom Poung Campus TTP Primary Yellow Bookshelves 09/08/2025   MCG 973.22 F68 .M12 FIS02027 09/08/2025 2 09/08/2025 Books
    Dewey Decimal Classification     Juvenile Fiction Footprints International School Library Network Toul Tom Poung Campus Footprints International School Library Network Toul Tom Poung Campus TTP Primary Yellow Bookshelves 01/30/2026   MCG 973.22 F68 .M12 FISTK02075 01/30/2026 3 01/30/2026 Books